000 00479nam a2200193Ia 4500
005 20140402152143.0
008 140130s9999 xx 000 0 und d
020 _a0590463802
050 _aPZ 7
_b.H513 1992
100 _aHenkes, Kevin
_924083
245 _cKevin Henkes.
_aJessica /
260 _bScholastic,
_c1992.
_aNew York :
300 _a25 p. :
_bcol. ill. ;
_c19 cm.
440 _v1
_930947
521 _aG3
526 _c590
942 _cBK
_2lcc
999 _c40728
_d40728